LEADER 01246nam a2200253 u 4500 001 000000063653 003 CaOOAMICUS 005 20070226121253.0 008 011105s1980 sz u000 u eng u 020 $a282540635X 035 $a10908733 040 $aPUL(R)$bita 245 00$aFaith and science in an unjust world :$bReport of the World Council of Churches. Conference on faith, science and the future.$nvolume 2,$pReports and Recommendations /$cedited by Paul Abrecht. 260 $aGeneva :$bWorld council of churches,$cc1980. 300 $a214 p. ;$c22 cm 650 4$aEcumenismo$xCongressi.$0(OLS)http://pul/subject/2772 700 1 $aAbrecht, Paul.$0(OLS)http://pul/name/43157 850 $aPUL 852 $aPUL$W1$xSL Religione 1$y3$m75 P 1$j82585$nBK-PRI$b $qStampati$B82585$CPULBib$Z2$F82585 $H $81 941 1 $a8 961 $aINV: 67362 996 $6020$a282540635X$9(OLS)http://pul/number/82612 996 $6245$aFaith and science in an unjust world :$bReport of the World Council of Churches. Conference on faith, science and the future.$nvolume 2,$pReports and Recommendations$9(OLS)http://pul/title/84857 996 $6260$aGeneva :$bWorld council of churches$9(OLS)http://pul/publisher/66304 LEADER 01369nam a2200325 a 4500 001 000000160691 003 CaOOAMICUS 005 20170515112419.0 008 170515s2017 it 000 u ita r 020 $a978-88-311-8248-5* 032 $aLibriCat 040 $aPUL$bita 041 1 $aita$hgrc 100 0 $aGregorius Nazianzenus,$cs., patr. di Costantinopoli,$dm. c. 389.$0(OLS)http://pul/name/84 240 10$aEpistulae.$lItaliano.$0(OLS)http://pul/title/200396 245 10$aEpistole /$cGregorio Nazianzeno ; introduzione, traduzione e note a cura di Antonella Conte. 260 $aRoma :$bCittà Nuova,$c©2017. 300 $a356 p. ;$c20 cm. 490 1 $aCollana di testi patristici ;$v248 700 1 $aConte, Antonella.$0(OLS)http://pul/name/102833 830 0$aCollana di testi patristici ;$v248.$0(OLS)http://pul/title/17027 850 $aPUL 852 $aPUL$W1$xSL Cons. Gen., Altre Classi 1$y1$m2000 E 248$j184449$qStampati$B187653$CPULBib$Z2$F187653 $H129633 $81 900 $aGregorio Nazianzeno,$cs.,$dm. c. 389$984 900 $aGregorio di Nazianzo,$cs.,$dm. c. 389$984 941 1 $a8 996 $6020$a978-88-311-8248-5*$9(OLS)http://pul/number/162703 996 $6245$aEpistole$9(OLS)http://pul/title/108959 996 $6260$aRoma :$bCittà Nuova$9(OLS)http://pul/publisher/47927